| 000 | 00960cam a22001697a 4500 | ||
|---|---|---|---|
| 005 | 20260331145535.0 | ||
| 020 | _a9781032058290 | ||
| 050 | 0 | 0 |
_aRG524 _b.Ob7 |
| 245 | 0 | 0 |
_aObstetricsby ten teachers. / _cedited by Louise C Kenny |
| 250 | _a17th ed. / | ||
| 260 |
_aLondon : _bArnold ; _aNew York : _bco-published in the USA by Oxford University Press, _c2000. |
||
| 300 |
_aviii, 374 p. : _bill. (chiefly col.) ; _c25 cm. |
||
| 500 | _aIncludes index. | ||
| 505 | _a1. Obstetrics history and examination 2. Antenatal care 3. Normal fetal development and growth 4. Assessment of fetal well being 5. Prenatal diagnosis 6. Antenatal obstetric complications 7. Multiple pregnancy 8. Preterm labour 9. Hypertensive disorders of pregnancy 10. Medical complications of pregnancy 11. Perinatal Infections 12. Labour: normal and abnormal 13. Operative delivery 14. Obstetric emergencies 15. Puerperium 16. Neonates | ||
| 650 | 0 | _aObstetrics. | |
| 942 | _cBK | ||
| 999 |
_c8547 _d8547 |
||